MARC

Tag First Indicator Second Indicator Subfields
LEADER 00000cam a2200000 i 4500
001 in00003718113
005 20211120174615.0
006 m o d f
007 cr mn|||||||||
008 140901s1992 vauab ob f000 0 eng c
035 |a (OCoLC)ocn889715991 
040 |a COP  |b eng  |e rda  |e pn  |c COP  |d OCLCO  |d OCLCF  |d GPO  |d MvI  |d UtOrBLW 
042 |a pcc 
043 |a n-us-mi 
049 |a WWW 
074 |a 0620 (online) 
086 0 |a I 19.3:1970 A-B 
100 1 |a Cannon, William F.,  |e author.  |0 http://id.loc.gov/authorities/names/n80114662 
245 1 0 |a Revisions of stratigraphic nomenclature within the Keweenawan supergroup of northern Michigan /  |c by William F. Cannon and Suzanne W. Nicholson. Geochemistry, petrography, and volcanology of rhyolites of the Portage Lake volcanics, Keweenaw Peninsula, Michigan / by Suzanne W. Nicholson. 
264 1 |a [Reston, Va.] :  |b U.S. Department of the Interior, U.S. Geological Survey,  |c 1992. 
264 2 |a [Washington, D.C.] :  |b United States Government Printing Office 
300 |a 1 online resource (various pagings) :  |b illustrations, maps. 
336 |a text  |b txt  |2 rdacontent 
337 |a computer  |b c  |2 rdamedia 
338 |a online resource  |b cr  |2 rdacarrier 
490 1 |a U.S. Geological Survey bulletin ;  |v 1970 A-B 
490 1 |a Contributions to the geology and mineral resources of the midcontinent rift system 
500 |a Title from title screen (viewed Aug. 25, 2014). 
504 |a Includes bibliographical references. 
650 0 |a Geology, Stratigraphic  |y Proterozoic.  |0 http://id.loc.gov/authorities/subjects/sh85054087 
650 0 |a Rhyolite  |z Michigan  |z Keweenaw Peninsula. 
650 0 |a Volcanic ash, tuff, etc.  |z Michigan. 
651 0 |a Bergland Group (Mich.)  |0 http://id.loc.gov/authorities/subjects/sh92000543 
651 0 |a Copper Harbor Conglomerate (Mich.)  |0 http://id.loc.gov/authorities/subjects/sh92000546 
651 0 |a Porcupine Volcanics (Mich.)  |0 http://id.loc.gov/authorities/subjects/sh92000555 
651 0 |a Portage Lake Volcanics (Mich.)  |0 http://id.loc.gov/authorities/subjects/sh92000557 
650 7 |a Geology, Stratigraphic.  |2 fast  |0 (OCoLC)fst00940727 
650 7 |a Proterozoic Geologic Period.  |2 fast  |0 (OCoLC)fst01354083 
650 7 |a Rhyolite.  |2 fast  |0 (OCoLC)fst01097264 
650 7 |a Volcanic ash, tuff, etc.  |2 fast  |0 (OCoLC)fst01168809 
651 7 |a Michigan.  |2 fast  |0 (OCoLC)fst01208387 
651 7 |a Michigan  |z Bergland Group.  |2 fast  |0 (OCoLC)fst01261578 
651 7 |a Michigan  |z Copper Harbor Conglomerate.  |2 fast  |0 (OCoLC)fst01261579 
651 7 |a Michigan  |z Keweenaw Peninsula.  |2 fast  |0 (OCoLC)fst01245194 
651 7 |a Michigan  |z Porcupine Volcanics.  |2 fast  |0 (OCoLC)fst01261580 
651 7 |a Michigan  |z Portage Lake Volcanics.  |2 fast  |0 (OCoLC)fst01261581 
648 7 |a From 570 million to 2 billion years ago  |2 fast 
700 1 |a Nicholson, Suzanne W.,  |e author.  |0 http://id.loc.gov/authorities/names/n86830909 
710 2 |a Geological Survey (U.S.),  |e issuing body.  |0 http://id.loc.gov/authorities/names/n80092173 
776 0 8 |i Print version:  |a Cannon, William F.  |t Revisions of stratigraphic nomenclature within the Keweenawan supergroup of northern Michigan  |w (DLC) 91047744  |w (OCoLC)25282666 
830 0 |a U.S. Geological Survey bulletin ;  |v 1970 A-B.  |0 http://id.loc.gov/authorities/names/n83720325 
830 0 |a Contributions to the geology and mineral resources of the midcontinent rift system ;  |v ch. A-B.  |0 http://id.loc.gov/authorities/names/no92000489 
856 4 0 |u https://purl.fdlp.gov/GPO/gpo70339  |t 0 
999 f f |s 277b4178-ec0a-31d1-a80c-fe2a78c2ac26  |i 7a1301fd-7ce5-3fb8-8150-e2253f4a66cc  |t 0 
952 f f |a Texas A&M University  |b College Station  |c Electronic Resources  |d Available Online  |t 0  |e I 19.3:1970 A-B  |h Superintendent of Documents classification 
998 f f |a I 19.3:1970 A-B  |t 0  |l Available Online